LEADER 01562nam a2200313 a 4500 001 000000153931 003 CaOOAMICUS 005 20160915120544.0 008 160915s2016 it frm z001 0 eng r 032 $aLibriCat 040 $aPUL$bita 100 1 $aMathew, Bincy.$0(OLS)http://pul/name/97984 245 10$aGrowing up in obedience :$bthe ethical significance of consecrated freedom / $cMathew Bincy, FCC. 260 $aRomae :$b[s.n.],$c2016. 300 $a180.;$c24 cm 500 $aIn testa al front.: Pontificia Universitas Lateranensis, Academia Alfonsiana, Institutum Superius Theologiae Moralis 502 $aEstratto da Tesi di Dottorato in Teologia morale--Pontificia Universitą Lateranense. Accademia Alfonsiana, 2016. 504 $aBibliogr.: p. [149]-174. 650 04$aObbedienza (voto).$0(OLS)http://pul/subject/25691 710 2 $aAccademia Alfonsiana. Istituto superiore di Teologia morale.$kTesi.$0(OLS)http://pul/name/81838 850 $aPUL 852 $aPUL$W1$xDP1 Tesi Acc. Alfonsiana$y28$m2016 B 3$j174222$qTesi$B179905$CPULBib$Z2$F179905 $82 910 $aPontificia Universitą Lateranense. $bAccademia Alfonsiana$981838 910 $aIstituto superiore di Teologia morale. Accademia Alfonsiana$981838 910 $aAcademia Alfonsiana. Institutum superius theologiae moralis$981838 941 1 $a16 996 $6245$aGrowing up in obedience :$bthe ethical significance of consecrated freedom / $9(OLS)http://pul/title/193501 996 $6260$aRomae :$b[s.n.]$9(OLS)http://pul/publisher/48223 LEADER 02087nam a2200337 a 4500 001 000000172251 003 CaOOAMICUS 005 20190705161036.0 008 190705s2017 it aeo 100 u ita r 020 $a9788868091385 (set)* 032 $aLibriCat 040 $aPUL$bita 041 0 $aita$aeng$afre$aspa$ager 110 2 $aCentro italiano di studi sull'alto Medioevo. $bSettimana$n(64 :$d2016 :$cSpoleto).$0(OLS)http://pul/name/110560 245 10$aMonachesimi d'Oriente e d'Occidente nell'alto Medioevo :$bSettimane di studio della Fondazione Centro italiano di studi sull'Alto Medioevo: Spoleto, 31 marzo - 6 aprile 2015. 260 $aSpoleto :$bCentro italiano di studi sull'alto Medioevo,$c©2016. 300 $a2 v. (XV, 1478):$bill., piante, foto anche a colori ;$c25 cm. 490 1 $aSettimane di studio della Fondazione Centro italiano di studi sull'alto Medioevo ;$v64 504 $aBibliografia in nota a pič pagina 546 $aInterventi in italiano, inglese, francese, spagnolo e tedesco. 650 04$aMonachesimo$ySec. IV-XI.$0(OLS)http://pul/subject/46044 830 0$aSettimane di studio della Fondazione Centro italiano di studi sull'alto Medioevo ;$v64.$0(OLS)http://pul/title/162978 850 $aPUL 852 $aPUL$W1$xDP1 Cons. Gen., Altre Classi 1$y22$m392 A 64.1$j196188$bv.1$qStampati$B200940$CPULBib$Z2$F200940 $H132861 $82 852 $aPUL$W1$xDP1 Cons. Gen., Altre Classi 1$y22$m392 A 64.2$j196189$bv.2$qStampati$B200941$CPULBib$Z2$F200941 $H132862 $82 941 1 $a8 983 0$aSettimane di studio del Centro italiano di studi sull'alto Medioevo. 996 $6020$a9788868091385 (set)*$9(OLS)http://pul/number/166363 996 $6245$aMonachesimi d'Oriente e d'Occidente nell'alto Medioevo :$bSettimane di studio della Fondazione Centro italiano di studi sull'Alto Medioevo: Spoleto, 31 marzo - 6 aprile 2015$9(OLS)http://pul/title/213164 996 $6260$aSpoleto :$bCentro italiano di studi sull'alto Medioevo$9(OLS)http://pul/publisher/48572